| 000 | 00347nam a22001457a 4500 | ||
|---|---|---|---|
| 020 | _qPB. | ||
| 040 | _cFIZZA ISHAQ | ||
| 082 |
_a621.3896 _bMAL |
||
| 100 |
_aMALVINO, _977106 |
||
| 245 |
_aDIGITAL COMPUTER ELECTRONICS / _cMALVINO. |
||
| 250 | _a3rd ED. | ||
| 260 |
_aNEW DEHLI ; _bMC GRAW HILL, _c2015. |
||
| 300 | _a522 P. ; | ||
| 942 |
_2ddc _cBK |
||
| 999 |
_c589452 _d589452 |
||